000 00313nam a2200133Ia 4500
005 20251222141939.0
008 251222s9999||||xx |||||||||||||| ||spa||
082 _a287.1/D86
100 _aDoig Klinge, Germán
245 0 _aDerechos Humanos
250 _a2a. ed.
264 _bVida y Espiritualidad
942 _cLIB
999 _c9305
_d9305